Capital in the twenty-first century (Record no. 754605)

MARC details
000 -LEADER
fixed length control field 00740nam a2200253Ia 4500
003 - CONTROL NUMBER IDENTIFIER
control field OSt
005 - DATE AND TIME OF LATEST TRANSACTION
control field 20220928114503.0
008 - FIXED-LENGTH DATA ELEMENTS--GENERAL INFORMATION
fixed length control field 220927b |||||||| |||| 00| 0 eng d
037 ## - SOURCE OF ACQUISITION
Terms of availability Textual
040 ## - CATALOGING SOURCE
Original cataloging agency SDCL
Transcribing agency SDCL
Language of cataloging eng
041 ## - LANGUAGE CODE
Source of code eng
Language code of text/sound track or separate title eng
100 ## - MAIN ENTRY--PERSONAL NAME
Personal name Piketty Thomas
9 (RLIN) 438855
245 #0 - TITLE STATEMENT
Title Capital in the twenty-first century
260 ## - PUBLICATION, DISTRIBUTION, ETC.
Place of publication, distribution, etc. Cambridge
Name of publisher, distributor, etc. Belknap Press
Date of publication, distribution, etc. 2014
300 ## - PHYSICAL DESCRIPTION
Extent viii;685p.
Dimensions cm.
650 ## - SUBJECT ADDED ENTRY--TOPICAL TERM
Topical term or geographic name entry element Business Economics
9 (RLIN) 391653
942 ## - ADDED ENTRY ELEMENTS (KOHA)
Classification part X65, Q4
Koha item type Textual
Source of classification or shelving scheme Colon Classification (CC)
Holdings
Withdrawn status Lost status Damaged status Not for loan Home library Current library Date acquired Source of acquisition Cost, normal purchase price Total Checkouts Full call number Barcode Date last seen Cost, replacement price Price effective from Koha item type
        South Campus Library South Campus Library 2022-09-28 067, 02/09/2014, Classic Book Service 1495.00   X65 Q4 SC1511105 2022-09-28 1495.00 2022-09-28 Textual
Copyright @ Delhi University Library System